000 00473nam a2200181 a 4500
005 20240614063702.0
008 991125m19511977ea 000 0 eng u
020 _a0602203716
035 _aUPN01000019635
049 _aCG
050 4 _aPE1119
_bR4.3
100 1 _aRidout, Ronald
245 1 0 _aEnglish worbook 3 /
_cRonald Ridout.
260 _aEngland :
_bGINN,
_c1951 (1977 impr.).
300 _a47 p.
650 4 _aInglés
_xEstudio y enseñanza
_918
905 _aLibro
999 _c19635
_d19635